<?xml version="1.0" encoding="UTF-8"?>
<record
    xmlns:xsi="http://www.w3.org/2001/XMLSchema-instance"
    xsi:schemaLocation="http://www.loc.gov/MARC21/slim http://www.loc.gov/standards/marcxml/schema/MARC21slim.xsd"
    xmlns="http://www.loc.gov/MARC21/slim">

  <leader>01310na  a2200325   4500</leader>
  <controlfield tag="001">23998</controlfield>
  <controlfield tag="003">MIRAKIL</controlfield>
  <controlfield tag="005">20181213155326.0</controlfield>
  <controlfield tag="008">180212b        tu            000 0      </controlfield>
  <datafield tag="040" ind1=" " ind2=" ">
    <subfield code="a">Milas</subfield>
    <subfield code="b">tur</subfield>
    <subfield code="c">TR-AnCHP</subfield>
  </datafield>
  <datafield tag="041" ind1=" " ind2=" ">
    <subfield code="a">tur</subfield>
  </datafield>
  <datafield tag="082" ind1=" " ind2=" ">
    <subfield code="a">CHP 324.2172</subfield>
    <subfield code="b">C36a 2017</subfield>
  </datafield>
  <datafield tag="090" ind1=" " ind2=" ">
    <subfield code="a">CHP 324.2172 C36a 2017</subfield>
  </datafield>
  <datafield tag="110" ind1=" " ind2=" ">
    <subfield code="a">Cumhuriyet Halk Partisi (CHP)</subfield>
  </datafield>
  <datafield tag="245" ind1=" " ind2=" ">
    <subfield code="a">Adalet Y&#xFC;r&#xFC;y&#xFC;&#x15F;&#xFC;</subfield>
    <subfield code="b">Adalete, umuda, bar&#x131;&#x15F;a, &#xF6;zg&#xFC;rl&#xFC;&#x11F;e, uzla&#x15F;maya, dayan&#x131;&#x15F;maya, birli&#x11F;imize ve gelece&#x11F;imize at&#x131;lan cesur ad&#x131;mlar</subfield>
    <subfield code="c">Cumhuriyet Halk Partisi</subfield>
  </datafield>
  <datafield tag="246" ind1=" " ind2=" ">
    <subfield code="a">Adalete, umuda, bar&#x131;&#x15F;a, &#xF6;zg&#xFC;rl&#xFC;&#x11F;e, uzla&#x15F;maya, dayan&#x131;&#x15F;maya, birli&#x11F;imize ve gelece&#x11F;imize at&#x131;lan cesur ad&#x131;mlar</subfield>
  </datafield>
  <datafield tag="260" ind1=" " ind2=" ">
    <subfield code="a">Ankara</subfield>
    <subfield code="b">CHP</subfield>
    <subfield code="c">2017</subfield>
  </datafield>
  <datafield tag="300" ind1=" " ind2=" ">
    <subfield code="a">86 s.</subfield>
    <subfield code="c">21 sm.</subfield>
  </datafield>
  <datafield tag="650" ind1=" " ind2=" ">
    <subfield code="a">Siyaset ve y&#xF6;netim</subfield>
    <subfield code="x">T&#xFC;rkiye</subfield>
  </datafield>
  <datafield tag="650" ind1=" " ind2=" ">
    <subfield code="a">CHP</subfield>
    <subfield code="x">Adalet y&#xFC;r&#xFC;y&#xFC;&#x15F;&#xFC;</subfield>
    <subfield code="y">2017</subfield>
  </datafield>
  <datafield tag="650" ind1=" " ind2=" ">
    <subfield code="a">Toplumsal hareketler</subfield>
    <subfield code="x">Adalet y&#xFC;r&#xFC;y&#xFC;&#x15F;&#xFC;, 2017</subfield>
  </datafield>
  <datafield tag="650" ind1=" " ind2=" ">
    <subfield code="a">Yarg&#x131;lamalar</subfield>
    <subfield code="x">Sorunlar</subfield>
  </datafield>
  <datafield tag="650" ind1=" " ind2=" ">
    <subfield code="a">Yarg&#x131; ba&#x11F;&#x131;ms&#x131;zl&#x131;&#x11F;&#x131;</subfield>
    <subfield code="x">T&#xFC;rkiye</subfield>
  </datafield>
  <datafield tag="657" ind1=" " ind2=" ">
    <subfield code="a">K&#x131;l&#x131;&#xE7;daro&#x11F;lu adalet y&#xFC;r&#xFC;y&#xFC;&#x15F;&#xFC;</subfield>
  </datafield>
  <datafield tag="657" ind1=" " ind2=" ">
    <subfield code="a">Maltepe mitingi</subfield>
  </datafield>
  <datafield tag="657" ind1=" " ind2=" ">
    <subfield code="a">Adalet Aray&#x131;&#x15F;&#x131;</subfield>
  </datafield>
  <datafield tag="657" ind1=" " ind2=" ">
    <subfield code="a">Hak, Hukuk, Adalet</subfield>
  </datafield>
  <datafield tag="740" ind1=" " ind2=" ">
    <subfield code="a">Adalete, umuda, bar&#x131;&#x15F;a, &#xF6;zg&#xFC;rl&#xFC;&#x11F;e, uzla&#x15F;maya, dayan&#x131;&#x15F;maya, birli&#x11F;imize ve gelece&#x11F;imize at&#x131;lan cesur ad&#x131;mlar</subfield>
  </datafield>
  <datafield tag="942" ind1=" " ind2=" ">
    <subfield code="2">ddc</subfield>
    <subfield code="c">BKS</subfield>
  </datafield>
  <datafield tag="952" ind1=" " ind2=" ">
    <subfield code="a">0001</subfield>
    <subfield code="b">0001</subfield>
    <subfield code="d">2018-02-12</subfield>
    <subfield code="e">2</subfield>
    <subfield code="l">0</subfield>
    <subfield code="o">CHP 324.2172 C36a 2017</subfield>
    <subfield code="p">017999</subfield>
    <subfield code="r">2018-02-12 00:00:00</subfield>
    <subfield code="v">0.00</subfield>
    <subfield code="w">2018-02-12</subfield>
    <subfield code="y">BKS</subfield>
  </datafield>
  <datafield tag="999" ind1=" " ind2=" ">
    <subfield code="c">10563</subfield>
    <subfield code="d">10563</subfield>
  </datafield>
</record>
